| 000 | 00429nam a2200181Ia 4500 | ||
|---|---|---|---|
| 001 | 14940 | ||
| 005 | 20260306164951.0 | ||
| 008 | 260306t2008||||xx |||||||||||||| ||spa|| | ||
| 041 | _aESP | ||
| 082 |
_a519.5 _bR84 |
||
| 100 |
_aRoss, Sheldon M. _eAUT |
||
| 245 | 0 | _aIntroducción a la estadística | |
| 260 | _c2008 | ||
| 300 |
_axv, 809 páginas : _c25 cm. |
||
| 650 | _aGEN | ||
| 654 | _aCMA | ||
| 942 |
_cLIB _dJUS _fJUS _2ddc _n |
||
| 999 |
_c14940 _d14940 |
||